Techniques of Cheerleading : (Record no. 587658)

MARC details
000 -LEADER
fixed length control field 00430nam a2200181 a 4500
008 - FIXED-LENGTH DATA ELEMENTS--GENERAL INFORMATION
fixed length control field 250917s2003##################000#0#eng##
020 ## - INTERNATIONAL STANDARD BOOK NUMBER
ISBN 9781590845301
082 04 - DEWEY DECIMAL CLASSIFICATION NUMBER
Classification number 791.64
Item number PET
100 1# - MAIN ENTRY--AUTHOR NAME
Personal name Peters, Craig,
245 10 - TITLE STATEMENT
Title Techniques of Cheerleading :
260 ## - PUBLICATION, DISTRIBUTION, ETC. (IMPRINT)
Year of publication 2003.
650 #0 - SUBJECT ADDED ENTRY--TOPICAL TERM
Topical Term Cheerleading.
942 ## - ADDED ENTRY ELEMENTS (KOHA)
Koha item type English Books
Holdings
Withdrawn status Lost status Damaged status Not for loan Home library Current library Shelving location Date acquired Full call number Accession Number Price effective from Koha item type
        Anna Centenary Library Anna Centenary Library 6TH FLOOR, B WING 17.09.2025 791.64 PET 440465 17.09.2025 English Books

Find us on the map